000 00718nam a2200229Ia 4500
003 GCL
008 140319s9999 xx 000 0 ara d
040 _aGCL /
_cGCL
082 0 4 _a907.2
_bب ت
100 1 _aسعيد عبدالفتاح عاشور
245 1 0 _aتاريخ الكتابة التاريخية /
_cسعيد عبدالفتاح عاشور
700 1 _aمحمد عبدالرحمن برج
700 1 _aبارنز، هارى المر
260 _a[S.N] :
_bالهيئة المصرية العامة للكتاب ،
_c1994
300 _a287 ص
490 _a
650 0 4 _aالكتابة
650 0 4 _aالتاريخ
650 0 4 _aالمؤرخون
650 0 4 _aالتأريخ
942 _2ddc
_cBK
999 _c33452
_d33452